00630nam a2200193Ia 4500003000900000008004100009040001600050080001800066110002800084245008800112260003500200300002300235650002100258650002000279650002100299942000700320999001500327952009400342IN-BaIIA211028s9999 xx 000 0 eng d cIIA Library a621.3.04bTEX aTexas Instruments98685 4aThe linear and interface circuits data book for design engineerscTexas Instruments aTexasbTexas Instrumentsc1973 a[various pagings.] a Circuits98139 a Electronics  aNASA Thesaurus  cBK c4865d4865 00104070aBANbBANcGENd1976-06-24l0o621.3.04/ TEXp5443r2021-11-05w1976-06-24yBK